00346nam a2200121 a 450000500170000000800410001702000160005805000230007424500470009726000460014430000210019065000130021120140311163010.0041203s19uu xx 00 eng d a0-8868780-6 aAY 67.N5b.W7 1995 aThe world almanac and book of facts 1996 / aNew Jersey :bWorld Almanac Books,c1995. a975 p. :c21 cm. aAlmanac.